The situation and problems in internal and foreign policy / (Record no. 1675)

MARC details
000 -LEADER
fixed length control field 00869cam a22002537a 4500
001 - CONTROL NUMBER
control field 1399582
003 - CONTROL NUMBER IDENTIFIER
control field OSt
005 - DATE AND TIME OF LATEST TRANSACTION
control field 20230620115644.0
008 - FIXED-LENGTH DATA ELEMENTS--GENERAL INFORMATION
fixed length control field 820924s1976 rb 000 0 eng
010 ## - LIBRARY OF CONGRESS CONTROL NUMBER
LC control number 82211274
040 ## - CATALOGING SOURCE
Original cataloging agency DLC
Transcribing agency DLC
Modifying agency DLC
082 ## - DEWEY DECIMAL CLASSIFICATION NUMBER
Classification number 320.4
Item number SFR
130 0# - MAIN ENTRY--UNIFORM TITLE
Uniform title Stanje i problemi u unutrašnjoj i spoljnoj politici Jugoslavije.
Language of a work English.
245 14 - TITLE STATEMENT
Title The situation and problems in internal and foreign policy /
Statement of responsibility, etc. [editor-in-chief Dragoljub Đurović].
260 ## - PUBLICATION, DISTRIBUTION, ETC. (IMPRINT)
Place of publication, distribution, etc. Belgrade ;
-- Ljubljana :
Name of publisher, distributor, etc. Dopisna delavska univerza,
Date of publication, distribution, etc. 1976.
300 ## - PHYSICAL DESCRIPTION
Extent 199 p. ;
Dimensions 21 cm.
490 1# - SERIES STATEMENT
Series statement The S.F.R. of Yugoslavia Assembly series
653 0# - INDEX TERM--UNCONTROLLED
Uncontrolled term Yugoslavia;
-- politics and government
700 1# - ADDED ENTRY--PERSONAL NAME
Personal name Đurović, Dragoljub.
830 #0 - SERIES ADDED ENTRY--UNIFORM TITLE
Uniform title SFRY Assembly series
906 ## - LOCAL DATA ELEMENT F, LDF (RLIN)
a 7
b cbc
c orignew
d 4
e ncip
f 19
g y-gencatlg
942 ## - ADDED ENTRY ELEMENTS (KOHA)
Source of classification or shelving scheme Dewey Decimal Classification
Koha item type Books
Holdings
Withdrawn status Lost status Source of classification or shelving scheme Damaged status Not for loan Home library Current library Date acquired Total Checkouts Full call number Barcode Date last seen Price effective from Koha item type
    Dewey Decimal Classification     County Hall Archives County Hall Archives 06/20/2023   320.4 SFR 10000115 06/20/2023 06/20/2023 Books
LIBRARY OPENING HOURS

When the Parliament is sitting: 8.00a.m - 7.00p.m or until the house adjourns
Mondays and Fridays and when the House is on Recess:  8.00a.m - 5.00p.m
Closed on Weekends and Public Holidays

Online Public Access Catalog (OPAC)
Website: http://www.parliament.go.ke
Bunge Library: https://libraryir.parliament.go.ke
Contact: library@parliament.go.ke | Tel no: (254-2)2221291 or 2848000 Ext 5043